Quizzes
Events
Quiz Creation
Community
Videos
Private Events
Remove Ads
Sign In
Join for FREE
Feedback
Dark Mode
Quiz Categories
Sports
Geography
Music
Movies
Television
Just For Fun
Miscellaneous
History
Literature
Language
Science
Gaming
Entertainment
Religion
Holiday
For Kids
Quiz Lab
Recent
Popular Today
Quiz Kudos Today
Editor Picks
Curator Picks
Quizzes by...
Day
Popularity
Type
Ratings
Length
Year
Community
Subscriptions
Recent Discussions
Orange Saloon
Badges
Playlists
Quests
Create
Leaderboards
Showdown
Live 5
Trivia Bingo
Activity
Puzzle Library
Sporcle Events
Private Events
Virtual Trivia
Globe League
Become a Host
Pub Owners
SporcleCon
Opinionation
Our Games
Videos
Blog
Mobile Apps
Partnerships
Remove Ads and Go Orange
Feedback
Sports
Athletes
MLB
NBA
NHL
NFL
Soccer
Sports Teams
WWE
NCAA
Football
Premier League
Basketball
Baseball
Hockey
Golf
Tennis
Cricket
Rugby
Auto Racing
Olympics
World Cup
Sports
Athletes
MLB
NBA
NHL
NFL
Soccer
Sports Teams
WWE
NCAA
Football
Premier League
Basketball
Baseball
Hockey
Golf
Tennis
Cricket
Rugby
Auto Racing
Olympics
World Cup
Random Quiz
Search Sporcle
×
Quiz Lab
Quiz Lab
Sports
Player
Type in answers that appear in a list
Type in answers that appear in a list
Classic
Best Score? Go Orange.
NL Highest Paid Player (1985-2009) Stats
Can you name the Highest Paid Player in the National League each year from 1985-2009?
By
sinatra22
4m
25 Questions
453 Plays
453 Plays
453 Plays
Comments
Comments
Give Quiz Kudos
Give Quiz Kudos
-
- Ratings
hide this ad
Replay
Link that replays current quiz
Next Quiz
Link to next quiz in quiz playlist
You Got
0%
They Got
Avg Score
44%
Avg Friend Score
Upgrade to see
Score Distribution
Jump to the score distribution portion of the page
Score
0/25
Timer
04:00
0
Plays Today
Year
Player
% Correct
2005
Barry Bonds
86.5%
2004
Barry Bonds
86.5%
1997
Barry Bonds
86.5%
1996
Barry Bonds
86.5%
1995
Barry Bonds
86.5%
2009
Manny Ramirez
61.4%
2008
Carlos Beltran
49.2%
2006
Jeff Bagwell
46.1%
2007
Todd Helton
41.9%
1991
Darryl Strawberry
41.3%
2002
Kevin Brown
40.2%
2001
Kevin Brown
40.2%
2000
Kevin Brown
40.2%
Year
Player
% Correct
1999
Kevin Brown
40.2%
1987
Mike Schmidt
40.2%
1985
Mike Schmidt
40.2%
1994
Bobby Bonilla
35.5%
1993
Bobby Bonilla
35.5%
1992
Bobby Bonilla
35.5%
1998
Gary Sheffield
28.7%
1988
Ozzie Smith
27.4%
2003
Mo Vaughn
16.1%
1989
Orel Hershiser
11.9%
1990
Eddie Murray
6.6%
1986
George Foster
2.6%
Quiz Playlist
Details
Report
Send in Message
Add To Playlist
Classic:
Type in answers that appear in a list
Quiz Source
Last Updated: Feb 16, 2017
Quiz Scoreboard
CHALLENGE
Sign Up to Join the Scoreboard
Show All
Scores
Hide
Comments
May contain spoilers
Recently Published
Pick 6: Fruits
by JohnFran
Miscellaneous
15s
Click the 1999 NBA Draft
by nibperrychub
Sports
2m
Alphabetical 'K' Countries by Flag Minefield
by ylime102
Geography
3m
More to Explore
Quiz From the Vault
Featured Blog Post
15 Basketball Trivia Facts You Can Be March Mad About
hide this ad
You Might Also Like...
Tags
1985
highest
Highest Paid
League
national
National League
paid
Player
Salary
Today's Top Quizzes in Sports
Browse Sports
hide this ad
Today's Top Quizzes in Player
Browse Player
Top Contributed Quizzes in Sports
1
Les joueurs à 100 buts en Ligue 1 Uber Eats
2
Pick 6: NFL Teams
3
2022 World Cup Stars
4
MLB 2 truths and a lie: Hall of Fame pitchers
5
Millionaire: NBA Finals Edition
6
Pick 6: Minor League Baseball
7
Criteria MLB: Left Handed Sluggers
8
Click the 1998 NBA Draft
9
Pick 6: Olympics
10
Don't Strike Out: 3000 Strikeouts
Explore More
Trending Topics
NBA
Harry Potter
Marvel
Kpop
Disney
Crossword
Anime
WWE
Puzzle
Song
Pokémon
The Office
Country
NFL
Soccer
hide this ad
More By:
sinatra22
Quiz
Plays
Rating
Category
Featured
Created
MLB Most 4-Hit Games
49,813
4.52
Sports
May 22, 2011
MLB Pitchers w/ 15 W and 200 K (2000's)
15,644
4.22
Sports
Jun 15, 2010
MLB 20 Home Run Catchers 1990-2009
10,606
4.30
Sports
Jun 6, 2010
MLB .350/.450/.550 Hitters
5,776
4.43
Sports
May 3, 2011
MLB - Who Won a Batting Title? (Clickable)
5,497
4.33
Sports
Apr 2, 2012
Go to Creator's Profile
Score Distribution
Quiz Creator Spotlight
sinatra22
Follow
Send a Message
Quizzes Created
-
Created Quiz Play Count
-
More By This Creator
Popular Quizzes Today
1
Countries of Asia Without Outlines Minefield
2
Find the US States - No Outlines Minefield
3
Pick 6: Fruits
4
Alphabetical 'K' Countries by Flag Minefield
5
The Countries of the World
6
Find the US States
7
Find the Countries of Europe - No Outlines Minefield
8
US States
More Sports Quizzes
NCAA Cardinal Direction Schools (FBS)
Published
Trending Quizzes
Pick 6: Mountains
Pick 6: Harry Potter
Pick 6: Flags
Pick 6: NFL Teams
Pick 6: Movie Franchises
Recently Updated
NWSL Teams
pecheneg
Women's Final Four Teams by Year
bhenderson79
Presidents Quartet II
eogle
Anything But Clue(do)
eogle
Anything But Oceanian Capitals
eogle
Anything But 7
eogle
Anything But Thing
eogle
Word Ladder: February 29
pecheneg
Song Title Questions
pecheneg
Women's NCAA Tournament #1 Seeds
pecheneg
Trending Topics
Anime
Crossword
Kpop
Disney
Marvel
NBA
Harry Potter
Puzzle
Country
NFL
WWE
Song
Pokémon
Soccer
The Office
Your Account Isn't Verified!
In order to create a playlist on Sporcle, you need to verify the email address you used during registration. Go to your
Sporcle Settings
to finish the process.
Report this User
Report this user for behavior that violates our
Community Guidelines
.
Details:
Send Report
Go to the Sporcle.com Mobile Site →
Comments